Statistics for General Knowledge

Click here to take the quiz!

General Stats

  • This quiz has been taken 38 times
  • The average score is 7 of 15

Answer Stats

HintAnswer% Correct
If something is described as being verdant, what color is it likely to be?Green
97%
William Shakespeare's home town in EnglandStratford-upon-Avon
81%
How many senators make up the full complement in the U.S. Senate?100
81%
Which Russian was known as the "mad monk?"Rasputin
75%
This is the largest French Mediterranean islandCorsica
69%
To what country do the Galapagos Islands belong?Ecuador
64%
Summer home in Scotland for the British royal familyBalmoral
53%
What does Ireland and a bottle of wine have in common?Cork
53%
What do Argentinans refer to the Falkland Islands as?Malvinas
39%
What sea battle took place in 1812?Trafalgar
36%
A Roman centurion actually commanded this many men80
31%
Tungsten is this element which gives a hint to its periodic table letterWolfram
25%
How many spark-plugs does an 8 cylinder diesel engine have?None
17%
What term described citizen-warriors of Greek city-states?Hoplites
11%
What U.S. interstate goes from Ohio to Florida?I-75
8%

Score Distribution

Percentile by Number Answered

Percent of People with Each Score

Your Score History

You have not taken this quiz